| 000 | 00778nam a22002177a 4500 | ||
|---|---|---|---|
| 003 | OSt | ||
| 005 | 20221026170536.0 | ||
| 008 | 221026b |||||||| |||| 00| 0 eng d | ||
| 020 | _a2-912808-10-3 | ||
| 040 | _cBiblioteca Lado V | ||
| 082 |
_a700.74 _bB716b |
||
| 100 |
_9197 _aBonnaval, Jacques _edirector |
||
| 245 |
_aBiennale Internationale Desingn 98 Sanint-Etienne/ _bAzimuts catalogue/ |
||
| 246 |
_aFeedback/ _bArt Responsive to instructions, Input, or its environment/ |
||
| 260 |
_aFrancia _bSaint-Etienne _c1998 |
||
| 300 |
_a392p. _c20x30cm |
||
| 650 |
_2Tesauro de Arte & Arquitectura _aBIENAL |
||
| 650 |
_2Tesauro de Arte & Arquitectura _aPINTURA |
||
| 650 |
_2Tesauro de Arte & Arquitectura _aFRANCIA |
||
| 942 |
_2ddc _c1 _h700.74 _iB716b _n0 |
||
| 999 |
_c2344 _d2344 |
||